000 00671nam a2200253Ia 4500
003 OSt
005 20220912151452.0
006 a|||||r|||| 00| 0
007 ta
008 220909b |||||||| |||| 00| 0 eng d
024 _a57866
037 _cTextual
040 _aCSL
_beng
_cCSL
041 _aeng
082 _aG:5594, K6 CS
100 _aPhillipson John
245 0 _aEcological energetics
260 _aLondon
_bEdward Arnold
_c1966
300 _a57p.
_ccm. ill
490 _aInstitute of biology's studies in biology; 1
650 _aEcology
942 _hG:5594, K6 CS
_cTEXL
_2CC
999 _c69234
_d69234